000 02055cam a22004934i 4500
003 PE-LiUPU
005 20250731165352.0
008 150617s r 000 0 d
035 _a(Sirsi) a11199
040 _aPE-LiUPU
_bspa
_cPE-LiUPU
_erda
049 _aPRUA
082 0 4 _a070.4
_bW287g
100 _aWarren, Carl
_eAutor
_9382
245 1 0 _aGéneros Periodísticos Informativos :
_cCarl N. Warren.
_bNueva Enciclopedia de la Noticia
264 1 _aBarcelona :
_bFIngarf
_c1975.
300 _a487 páginas ;
_c21 cm.
336 _atext
_2rdacontent
337 _aunmediated
_2rdamedia
338 _avolume
_2rdacarrier
490 0 _aLibros de Comucicación social ;
_v4
505 0 _aEl periodista y su tarea -- ¿Qué es noticia y por qué? -- La redacción -- Vaya y consiga una información -- Escribir con claridad -- Los secretos del estilo -- Cómo comenzar una noticia -- Noticias del vecindario -- Accidentes, incendios y suicidios -- Previsiones y continuaciones -- Del estrado al papel impreso -- Entrevistas y conferencias de prensa -- Los peligros de difamación -- Los tabús del oficio -- Componiendo una historia compleja -- El toque humano -- El interés humano -- El trabajo del redactor -- Noticias del exterior -- La hora de cierre -- Política editorial, campañas y denuncias -- El deporte desde la tribuna de prensa -- Noticias para mujeres -- El redactor financiero -- El tratamiento de los sucesos -- Información de tribunales -- El sexo en las noticias.
526 _aSEG44
526 _aSEG26
526 _aP151
526 _aP150
526 _aP149
526 _aP146
526 _aP145
526 _aP126
526 _aP125
526 _aP92
526 _aP75
526 _aP74
526 _aP27
526 _aP15
650 0 0 _aDiarios
_9383
650 0 0 _aPeriodismo
_9384
650 0 0 _aReportajes
_9385
700 _9386
_aEspinet Gou, Alfonso
_eTraducción
910 _ajck
942 _2ddc
_cBOOK
980 _81
_gALBERTO SANCHEZ Responsable de Automatización
999 _c1324
_d1324